000 00468nam a2200157Ia 4500
008 230711s9999||||xx |||||||||||||| ||und||
041 _aENG
082 _a621
_bAB-R
100 _aAbbasi,Shahid A
245 0 _aRenewable energy sources and their environmental impact
_bShahid A. Abbasi, Naseema Abbasi
250 _a1st . Ed.
260 _c2003
_aNew Delhi
_bPHI Learning Private Limited
650 _aMechanical Engineering
700 _aAbbasi,Naseema
942 _cBK
999 _c4094
_d4094